[Event "SLO-chT3 West"]
[Site "Komenda"]
[Date "2018.12.09"]
[Round "4.3"]
[White "Jese, Janez"]
[Black "Kante, Enej"]
[Result "1-0"]
[WhiteElo "1807"]
[BlackElo "1084"]
[PlyCount "65"]
[EventDate "2018.12.07"]
[EventType "team-tourn"]
[EventRounds "5"]
[EventCountry "SLO"]
[SourceTitle "EXT 2020"]
[Source "ChessBase"]
[SourceDate "2019.10.17"]
[SourceVersion "1"]
[SourceVersionDate "2019.10.17"]
[SourceQuality "1"]
[WhiteTeam "Visnja Gora Sticna"]
[BlackTeam "Ajdovscina Caven"]
[WhiteTeamCountry "SLO"]
[BlackTeamCountry "SLO"]

1. e4 e5 2. Bc4 Nf6 3. d4 Nc6 4. Nf3 d6 5. Ng5 d5 6. exd5 Nxd5 7. Nxf7 Kxf7 8. Qf3+ Ke6 9. Nc3 Bb4 10. Bxd5+ Kd6 11. Bxc6 bxc6 12. dxe5+ Ke6 13. Qxc6+ Kxe5 14. Qe4+ Kf6 15. Qxb4 Re8+ 16. Be3 Ba6 17. Qf4+ Kg6 18. Rd1 Qe7 19. Qg4+ Kf7 20. Rd7 Bc8 21. Rxe7+ Rxe7 22. Qf3+ Kg8 23. Qxa8 Re8 24. 0-0 Bd7 25. Qxa7 Kf8 26. Qxc7 Re7 27. Bc5 Ke8 28. Bxe7 Kxe7 29. Re1+ Kf6 30. Qxd7 h5 31. Re6+ Kg5 32. Qd5+ Kh4 33. Re4# 1-0